<?xml version="1.0" encoding="UTF-8"?><?xml-stylesheet type="text/xsl" href="static/style.xsl"?><OAI-PMH xmlns="http://www.openarchives.org/OAI/2.0/" xmlns:xsi="http://www.w3.org/2001/XMLSchema-instance" xsi:schemaLocation="http://www.openarchives.org/OAI/2.0/ http://www.openarchives.org/OAI/2.0/OAI-PMH.xsd"><responseDate>2026-04-14T03:38:49Z</responseDate><request verb="GetRecord" identifier="oai:www.recercat.cat:2072/279402" metadataPrefix="marc">https://recercat.cat/oai/request</request><GetRecord><record><header><identifier>oai:recercat.cat:2072/279402</identifier><datestamp>2024-12-13T09:53:03Z</datestamp><setSpec>com_2072_96859</setSpec><setSpec>com_2072_96858</setSpec><setSpec>com_2072_96852</setSpec><setSpec>com_2072_2015</setSpec><setSpec>col_2072_96860</setSpec></header><metadata><record xmlns="http://www.loc.gov/MARC21/slim" xmlns:dcterms="http://purl.org/dc/terms/" xmlns:xsi="http://www.w3.org/2001/XMLSchema-instance" xmlns:doc="http://www.lyncode.com/xoai" xsi:schemaLocation="http://www.loc.gov/MARC21/slim http://www.loc.gov/standards/marcxml/schema/MARC21slim.xsd">
   <leader>00925njm 22002777a 4500</leader>
   <datafield ind2=" " ind1=" " tag="042">
      <subfield code="a">dc</subfield>
   </datafield>
   <datafield ind2=" " ind1=" " tag="720">
      <subfield code="a">García Rodríguez, Sara</subfield>
      <subfield code="e">author</subfield>
   </datafield>
   <datafield ind2=" " ind1=" " tag="520">
      <subfield code="a">Tutor: Marta González Sepúlveda</subfield>
   </datafield>
   <datafield ind2=" " ind1=" " tag="520">
      <subfield code="a">Treball de Fi de Grau en Criminologia i Polítiques Públiques de Prevenció. Curs 2012-2013</subfield>
   </datafield>
   <datafield ind2=" " ind1=" " tag="520">
      <subfield code="a">El objeto de estudio de la presente investigación es el Síndrome del Burnout. Este fenómeno representa un sentimiento de estrés laboral que se cronifica con el tiempo y que desemboca en una de las tres dimensiones propias del burnout o, en el peor de los casos, en un cúmulo de éstas: el agotamiento emocional, la despersonalización (o cinismo) y la realización personal. Una de las profesiones que ha sido analizada por diversos investigadores, sobre todo en el contexto anglosajón, por el riesgo que tiene de sufrir burnout y por las graves consecuencias que se derivan de /néste, es la policía. En el presente trabajo se analiza este fenómeno en el contexto catalán, dentro del cuerpo de Mossos /nd'Esquadra y, en concreto, en tres de sus unidades de trabajo, que se hallan enormemente diferenciadas entre sí. A partir de dicha investigación se podrá ver la prevalencia del fenómeno en este /ncontexto, los factores concretos que afectan a la aparición del mismo y las consecuencias más visibles que genera; además de las correlaciones resultantes del análisis de las variables estudiadas. /nTodo ello servirá de cara a una futura prevención del problema para poder mejorar el servicio público que es la policía.</subfield>
   </datafield>
   <datafield ind1="8" ind2=" " tag="024">
      <subfield code="a">http://hdl.handle.net/10230/20932</subfield>
   </datafield>
   <datafield tag="653" ind2=" " ind1=" ">
      <subfield code="a">Catalunya. Mossos d'Esquadra</subfield>
   </datafield>
   <datafield tag="653" ind2=" " ind1=" ">
      <subfield code="a">Policia -- Catalunya</subfield>
   </datafield>
   <datafield tag="653" ind2=" " ind1=" ">
      <subfield code="a">Assetjament psicològic en el lloc de treball</subfield>
   </datafield>
   <datafield tag="653" ind2=" " ind1=" ">
      <subfield code="a">Estrès laboral</subfield>
   </datafield>
   <datafield tag="653" ind2=" " ind1=" ">
      <subfield code="a">Treball de fi de grau – Curs 2012-2013</subfield>
   </datafield>
   <datafield ind2="0" ind1="0" tag="245">
      <subfield code="a">Uniformes quemados : El Síndrome del Burnout en el cuerpo de policía de Mossos d’Esquadra</subfield>
   </datafield>
</record></metadata></record></GetRecord></OAI-PMH>